日本の競馬場 - Statistics

General Stats
  • This quiz has been taken 685 times
  • The average score is 14 of 24
Answer Stats
都道府県 Answer % Correct
北海道 札幌競馬場
89%
函館競馬場
83%
中山競馬場
81%
関西地方 京都競馬場
78%
大井競馬場
74%
福島競馬場
71%
阪神競馬場
71%
中京競馬場
70%
船橋競馬場
68%
帯広競馬場
67%
東北地方 盛岡競馬場
66%
九州地方 小倉競馬場
66%
名古屋競馬場
60%
中部地方 新潟競馬場
53%
川崎競馬場
51%
中国・四国地方 高知競馬場
48%
笠松競馬場
47%
金沢競馬場
45%
園田競馬場
45%
門別競馬場
45%
佐賀競馬場
43%
水沢競馬場
38%
姫路競馬場
36%
関東地方 浦和競馬場
18%
No matching quizzes found
Score Distribution
Percent of People with Each Score
Percentile by Number Answered
Your Score History
You have not taken this quiz